Central Library OPAC University of Rajshahi

Georgian poetry, 1911-1922 : (Record no. 23253)

MARC details
000 -LEADER
fixed length control field 00905cam a2200277 i 4500
001 - CONTROL NUMBER
control field 23253
003 - CONTROL NUMBER IDENTIFIER
rucl marc code BD-RjUL
005 - DATE AND TIME OF LATEST TRANSACTION
control field 20211209000917.0
008 - FIXED-LENGTH DATA ELEMENTS--GENERAL INFORMATION
fixed length control field 140310s1977 enk b 001 0 eng d
020 ## - INTERNATIONAL STANDARD BOOK NUMBER
International Standard Book Number 0710082789
035 ## - SYSTEM CONTROL NUMBER
System control number (BD-RjUL)23318
040 ## - CATALOGING SOURCE
Original cataloging agency DLC
Transcribing agency DLC
Modifying agency DLC
-- BD-RjUL
Language of cataloging eng
041 ## - LANGUAGE CODE
Language code of text/sound track or separate title eng
082 00 - DEWEY DECIMAL CLASSIFICATION NUMBER
Classification number 821.91208
Author mark and year GEO 1977
245 00 - TITLE STATEMENT
Title Georgian poetry, 1911-1922 :
Remainder of title the critical heritage /
Statement of responsibility, etc. edited by Timothy Rogers.
260 ## - PUBLICATION, DISTRIBUTION, ETC. (IMPRINT)
Place of publication, distribution, etc. London ;
-- Boston :
Name of publisher, distributor, etc. Routledge & K. Paul,
Date of publication, distribution, etc. 1977.
300 ## - PHYSICAL DESCRIPTION
Pagination xvi, 435 p. ;
Size 23 cm.
490 0# - SERIES STATEMENT
Series statement The Critical heritage series
504 ## - BIBLIOGRAPHY, ETC. NOTE
Bibliography, etc Bibliography: p. 418-420. and Index
650 #0 - SUBJECT ADDED ENTRY--TOPICAL TERM
Topical term or geographic name as entry element English poetry
Chronological subdivision 20th century
General subdivision History and criticism.
9 (RLIN) 71674
Topical term or geographic name as entry element English poetry
Chronological subdivision 20th century
Form subdivision Book reviews.
9 (RLIN) 71675
700 1# - ADDED ENTRY--PERSONAL NAME
Personal name Rogers, Timothy,
Dates associated with a name 1927-2006.
942 ## - ADDED ENTRY ELEMENTS (KOHA)
Source of classification or shelving scheme Dewey Decimal Classification
Koha item type Books
Holdings
Lost status Source of classification or shelving scheme Damaged status Not for loan Collection code Permanent Location Current Location Shelving location Date acquired Source of acquisition Cost, normal purchase price Total Checkouts Full call number Date last seen Copy number Koha item type
  Dewey Decimal Classification   Added to bundle Non-fiction Central Library, University of Rajshahi Central Library, University of Rajshahi Reading Room 31/03/1980 Heffers & Sons 7.50   821.91208 GEO 1977 10/03/2014 C-1 Books